000 00452nam a22001217a 4500
082 _a220 PRO
100 _aNC GHULAM MAHYYUDIN PC MUHAMMAD WAQAS ANWAR PC SAUD SAFDAR
_972035
245 _aPR-SOF-1698-DESIGN AND FABRICATION OF LOW DRAG COEFFICIENT URBAN CONCEPT VEHICLE USING COMPOSITE MATERIAL
260 _aISLAMABAD
_bNUST COLLEGE OF EME
_c2018
650 _aDE-MECH-36
_971088
700 _aPROJECT SUPERVISOR DR. RAJA AMIR AZIM
_972036
942 _cCR
999 _c578247
_d578247